000 00631nam a2200181Ia 4500
008 151018s9999 xx 000 0 und d
082 _bRBASDV37032
_a891.462
100 _aचंद्रशेखर खारावतेकर
245 _aचक्रव्युह
250 _b1
260 _bललित नाट्य प्रकाशन
_c1997
300 _a64
600 _aचंद्रशेखर खारावतेकर
630 _aचक्रव्युह
700 _aचंद्रशेखर खारावतेकर
730 _aचक्रव्युह
942 _cBOOK
999 _c1036479
_d1036476